LEADER 03286nam0 22005413i 450 001 RAV0028439 005 20251003044319.0 100 $a19880511d1983 ||||0itac50 ba 101 | $aita 102 $ait 105 $a|||| |||y| 181 1$6z01$ai $bxxxe 182 1$6z01$an 183 1$6z01$anc$2RDAcarrier 200 1 $aProblemi e bisogni della famiglia$erapporto del 1. gruppo di lavoro$fCommissione nazionale per i problemi della famiglia 210 $aRoma$cIstituto Poligrafico e Zecca dello Stato$d1983 215 $a99 p.$d24 cm 300 $aIn testa al front.: Ministero del lavoro e della previdenza sociale : Direzione generale dei rapporti di lavoro 300 $aIn custodia cartonata. 500 10$aProblemi e bisogni della famiglia$3RLZ0087040$9RAVV016470$965737 606 $aFamiglia e società$2FIR$3CFIC060021$9I 606 $aFamiglia$xOrganizzazione$2FIR$3SBLC129228$9I 676 $a306.8$9CULTURA E ISTITUZIONI. MATRIMONIO E FAMIGLIA$v12 676 $a306.85$9FAMIGLIA$v21 676 $a306.850945$9Famiglia. Italia$v22 676 $a346.01$9DIRITTO DELLE PERSONE E DIRITTO DI FAMIGLIA$v14 676 $a346.01$9DIRITTO PRIVATO-DIRITTO IN MATERIA DI PERSONE E DIRITTO DI FAMIGLIA$v20 676 $a346.01$9Diritto privato. Diritto delle persone e della famiglia$v21 676 $a362.820945$9PROBLEMI E SERVIZI PER LE FAMIGLIE. ITALIA$v19 676 $a362.820945$9PROBLEMI E SERVIZI PER LE FAMIGLIE. Italia$v21 696 $aOrganizzazione 699 $aOrganizzazione$zOrganizzazione 710 02$aCommissione nazionale per i problemi della famiglia$3RAVV016470$0329093 791 02$aItalia$b : Ministero del lavoro e della previdenza sociale$b : Direzione generale dei rapporti di lavoro$b : Commissione nazionale per i problemi della famiglia$3LO1V143722$zCommissione nazionale per i problemi della famiglia 791 02$aItalia$b : Ministero del lavoro e della previdenza sociale$b : Commissione nazionale per i problemi della famiglia$3LO1V143725$zCommissione nazionale per i problemi della famiglia 791 02$aItalia$b : Commissione nazionale per i problemi della famiglia$3LO1V143727$zCommissione nazionale per i problemi della famiglia 801 3$aIT$bIT-000000$c19880511 850 $aIT-BN0095 $aIT-SA0037 $aIT-AV0007 $aIT-NA0079 $aIT-CE0068 $aIT-BN0015 901 $bNAP CP$cFM $n$ 901 $bNAP BN$cC $nComprende volumi con collocazioni per formato catalogati prima del 1987. La consegna del doc. é effettuata dall'Uff. Distribuzione. 901 $bNAP 42$cS. MODERNA$n$ 901 $bNAP 01$cPOZZO LIB.$nVi sono collocati fondi di economia, periodici di ingegneria e scienze, periodici di economia e statistica e altri fondi comprendenti documenti di economia pervenuti in dono. 901 $bNAP AV$cSEZ. M $nSezione Moderna 912 $aRAV0028439 950 0$aBiblioteca Centralizzata di Ateneo$b1 v.$c1 v.$d 01POZZO LIB.ECON MON 9926$e 0101 0000111375E VMA 1 v. (precedente collocazione: GUERRAZZI B 1623)$fB $h20091216$i20091216 977 $a 01$a 42$a AV$a BN$a CP$a PB 996 $aProblemi e bisogni della famiglia$965737 997 $aUNISANNIO